[Event "Chessable Masters Prelim"]
[Site "chess24.com INT"]
[Date "2021.08.02"]
[Round "15.8"]
[White "Harikrishna, Pentala"]
[Black "Anton Guijarro, David"]
[Result "0-1"]
[WhiteTitle "GM"]
[BlackTitle "GM"]
[WhiteElo "2730"]
[BlackElo "2673"]
[WhiteFideId "5007003"]
[BlackFideId "2285525"]
[EventDate "2021.07.31"]

1. e4 c6 2. d3 d5 3. Nd2 g6 4. Ngf3 Bg7 5. g3 Nh6 6. Bg2 O-O 7. O-O f6 8. d4 Nf7
9. Re1 e5 10. dxe5 fxe5 11. c3 a5 12. b3 Na6 13. Ba3 Re8 14. Qc2 b5 15. Bb2 b4
16. a3 bxc3 17. Qxc3 d4 18. Qxc6 Bd7 19. Qc2 Rc8 20. Nc4 Nc5 21. Nfd2 Bh6 22.
Bf1 Qf6 23. Qd1 Rf8 24. b4 Na4 25. Bc1 Ng5 26. f4 Nc3 27. Qb3 a4 28. Qb2 exf4
29. e5 Qf5 30. Nd6 Nh3+ 31. Bxh3 Qxh3 32. N2e4 Nxe4 33. Nxe4 fxg3 34. hxg3 Bc6
35. Bxh6 Bxe4 36. Rxe4 Rc3 37. Be3 Rf3 38. Qh2 Rxg3+ 39. Kh1 Rgxe3 40. Qxh3
Rxh3+ 41. Kg2 Rcg3+ 42. Kf2 Rf3+ 43. Kg2 Rhg3+ 44. Kh2 Rxa3 45. Rxa3 Rxa3 46.
Rxd4 Kf7 47. Rd6 Rb3 48. Rf6+ Ke7 49. Rb6 a3 50. Ra6 g5 51. b5 h5 52. b6 Ke6 53.
b7+ Kf5 54. Ra7 a2 55. Rxa2 Rxb7 56. Ra5 Re7 0-1